Danny Boyle Films - Statistics

General Stats
  • This quiz has been taken 123 times
    99 since last reset
  • The average score is 8 of 13
Answer Stats
Year Film % Correct
1996 Trainspotting
94%
2008 Slumdog Millionaire
86%
2017 T2 Trainspotting
77%
2002 28 Days Later
74%
1994 Shallow Grave
71%
2000 The Beach
68%
2010 127 Hours
60%
2019 Yesterday
58%
2007 Sunshine
54%
2004 Millions
51%
2015 Steve Jobs
46%
1997 A Life Less Ordinary
38%
2013 Trance
31%
No matching quizzes found
Score Distribution
Percent of People with Each Score
Percentile by Number Answered
Your Score History
You have not taken this quiz since the last reset